EC law : text, cases, and materials

Αποθηκεύτηκε σε:
Λεπτομέρειες βιβλιογραφικής εγγραφής
Κύριος συγγραφέας: Craig, P. P. (Paul P.)
Άλλοι συγγραφείς: De Burca, G. (Grainne)
Μορφή: Βιβλίο
Γλώσσα:English
Δημοσίευση: Oxford : Clarendon Press, 1995
Θέματα:
Ετικέτες: Προσθήκη ετικέτας
Δεν υπάρχουν, Καταχωρήστε ετικέτα πρώτοι!

MARC

LEADER 00000cam a2200000 i 4500
001 1/72308
008 080124s1995 eng d
020 |a 0-19-876273-9 (pbk.) 
035 |l 10094112 
040 |a GR-MY-UA  |b gre  |e aacr 
041 0 |a eng 
082 0 |a 349.4  |2 (22) 
100 1 |a Craig, P. P.   |q (Paul P.) 
245 1 0 |a EC law :  |b text, cases, and materials /  |c Paul Craig and Grainne de Burca 
260 |a Oxford :   |b Clarendon Press,   |c 1995 
300 |a cxxvi, 1160 σ.;  |c 24 εκ. 
504 |a Περιλαμβάνει βιβλιογραφίες και ευρετήριο 
610 2 0 |a European Economic Community. 
650 0 0 |a Law  |z European Economic Community countries. 
700 1 |a De Burca, G.   |q (Grainne) 
852 |a INST  |b RHODES  |e 20080124  |h 349.4 CRA  |p 005400030191  |q 005400030191  |t BK  |y 0 
901 |a BIBL4-2008-1 
909 |a Ρ  |b 128270 
970 |a ΚΟΖΑ  |b ΜΑΡΙΑ  |z 2008/01/24